| 000 | 01428cad a22002055a 4500 | ||
|---|---|---|---|
| 001 | L155663 | ||
| 008 | 120330s2012 xxk 000 0 eng d | ||
| 035 | _a(Sirsi) u155663 | ||
| 041 | 0 | _aeng | |
| 110 | 2 |
_aBNP Paribas Real Estate _95715 |
|
| 245 | 0 | 0 |
_aRetail risk index _bthe health of our towns within a weakening retail economy 2012 _h[electronic resource] |
| 260 |
_aLondon _bBNP Paribas _c2012 |
||
| 520 | _aThis new index is a guide to the level of tenant financial risk in the UK's top 100 retail locations. The national picture shows that 10% of units in the top 100 towns are at a very high risk of collapse or closure, 20% are either charity shops or vacant , and a further 17% of units are occupied by retailers who pose high risk. Only just over 50% of the units analysed are occupied by retailers considered secure. | ||
| 520 | _aKey findings -- Why have we created this index? -- The retail domino effect -- How have we created our risk index? -- The national picture -- The most and least risky towns -- Key themes and commonalities -- How can our retail risk index be used? -- Appendix 1 Our 100 top towns. | ||
| 590 | _aKA NTK | ||
| 651 | 4 | _aUnited Kingdom | |
| 690 |
_aCommercial property _96227 |
||
| 856 | 4 | 0 |
_uhttps://www.realestate.bnpparibas.co.uk/bnppre/research-retail-risk-index-march-2012-p_57673 _z View the index (after creating an account (free)) at www.realestate.bnpparibas.co.uk |
| 942 | _n0 | ||
| 999 |
_c83891 _d83891 |
||